000 00665cam a2200229 4500500
005 20260405001925.0
041 _afre
042 _adc
100 1 0 _aN’Diaye, Aïda
_eauthor
245 0 0 _aL’art de la révolte: Snowden, Assange, Manning
260 _c2015.
500 _a95
690 _aAssange
690 _aÉtat
690 _aGeoffroy de Lagasnerie
690 _aManning
690 _aRévolte
690 _aSnowden
690 _aSurveillance
786 0 _nPhilosophie magazine | 86 | 2 | 2015-02-01 | p. 61-61 | 1951-1787
856 4 1 _uhttps://shs.cairn.info/magazine-philosophie-magazine-2015-2-page-61?lang=fr&redirect-ssocas=7080
999 _c2052398
_d2052398